Zvárací drôt pre zváranie ocelí typu O,5 Mo O,25 V MIG spôsobom v aktívnych plynoch. /
Salvato in:
| Autore principale: | |
|---|---|
| Natura: | Manoscritto Libro |
| Pubblicazione: |
Bratislava :
Výskumný ústav zváračský,
1972
|
| Tags: |
Nessun Tag, puoi essere il primo ad aggiungerne!!
|
MARC
| LEADER | 00000ntm a22000003a 4500 | ||
|---|---|---|---|
| 001 | stu47477 | ||
| 005 | 20150617225712.2 | ||
| 008 | ------s1972----cs----------------------d | ||
| 040 | |a STU |b slo | ||
| 041 | 0 | ||
| 044 | |a cs | ||
| 080 | |a 621.791.753.9.042 | ||
| 100 | 1 | |a Barborka, Jozef |4 aut | |
| 245 | 1 | |a Zvárací drôt pre zváranie ocelí typu O,5 Mo O,25 V MIG spôsobom v aktívnych plynoch. / |c [aut.] Barborka,Jozef | |
| 260 | |a Bratislava : |b Výskumný ústav zváračský, |c 1972 | ||
| 300 | |a 91 s | ||
| 996 | |b J37954 |c J*37954/DIZ. |l JJSK |s A |a 24 |w stu47477_0001 | ||